Mi chiamo Lucy Barton / (Record no. 193049)

MARC details
000 -LEADER
campo de control de longitud fija 01267nam a2200373 i 4500
001 - NÚMERO DE CONTROL
campo de control 193049
003 - IDENTIFICADOR DE NÚMERO DE CONTROL
campo de control ItRI
005 - FECHA Y HORA DE LA ÚLTIMA TRANSACCIÓN
campo de control 20240707063035.0
007 - CAMPO FIJO DE DESCRIPCIÓN FÍSICA--INFORMACIÓN GENERAL
campo de control de longitud fija ta
008 - DATOS DE LONGITUD FIJA--INFORMACIÓN GENERAL
campo de control de longitud fija 230726s2016 it |||||| ||||| |||||c
015 ## - NÚMERO DE BIBLIOGRAFÍA NACIONAL
Fuente IT
Número de bibliografía nacional 2016-8548
020 ## - NÚMERO INTERNACIONAL ESTÁNDAR DEL LIBRO
Número Internacional Estándar del Libro 9788806229689
035 ## - NÚMERO DE CONTROL DEL SISTEMA
Número de control de sistema IT\ICCU\PAR\1236097
040 ## - FUENTE DE CATALOGACIÓN
Lengua de catalogación ita
Centro/agencia transcriptor ES-MaACL
041 #7 - CÓDIGO DE IDIOMA
Fuente del código ISO-639-2
082 ## - NÚMERO DE LA CLASIFICACIÓN DECIMAL DEWEY
Número de clasificación 813.6
Número de edición 23
100 1# - ENTRADA PRINCIPAL--NOMBRE DE PERSONA
Nombre de persona Strout, Elizabeth
Número de control del registro de autoridad o número normalizado IT\ICCU\TO0V\349874
9 (RLIN) 233863
245 10 - MENCIÓN DEL TÍTULO
Título Mi chiamo Lucy Barton /
Mención de responsabilidad, etc. Elizabeth Strout ; traduzione di Susanna Basso.
260 ## - PUBLICACIÓN, DISTRIBUCIÓN, ETC.
Lugar de publicación, distribución, etc. Torino :
Nombre del editor, distribuidor, etc. Einaudi,
Fecha de publicación, distribución, etc. 2016
300 ## - DESCRIPCIÓN FÍSICA
Extensión 158 p. ;
Dimensiones 23 cm.
336 ## - TIPO DE CONTENIDO
Fuente rdacontent
Término de tipo de contenido Texto
337 ## - TIPO DE MEDIO
Fuente rdamedia
Nombre/término del tipo de medio sin mediación
338 ## - TIPO DE SOPORTE
Fuente rdacarrier
Nombre/término del tipo de soporte volumen
500 ## - NOTA GENERAL
Nota general Catalogación provisional. Signatura: N 8541. Depósito J.
650 #7 - PUNTO DE ACCESO ADICIONAL DE MATERIA--TÉRMINO DE MATERIA
Término de materia o nombre geográfico como elemento de entrada Novelas
Fuente del encabezamiento o término embne
9 (RLIN) 233904
700 1# - ENTRADA AGREGADA--NOMBRE PERSONAL
Nombre de persona Basso, Susanna
Número de control del registro de autoridad o número normalizado IT\ICCU\CFIV\076497
9 (RLIN) 233864
852 ## - LOCALIZACIÓN
Ubicación Es-MaACL
Sublocalización o colección R 153379
Ubicación en estantería Depósito J
Número de control de estantería N 8541
Donativo/Legado Donación: José Lázaro
Nota libre En proceso
itemnumber 200354
982 #1 - EQUIVALENCIA O REFERENCIA-CRUZADA-MENCIÓN DE SERIE--NOMBRE DE CONFERENCIA O REUNIÓN/CONGRESO/TÍTULO [LOCAL, CANADÁ]
Enlace z01
Nombre de congreso/reunión o jurisdicción como elemento de entrada n
942 ## - ELEMENTOS DE ENTRADA SECUNDARIOS (KOHA)
Suprimir en OPAC No
Tipo de ítem Koha Libro impreso
Holdings
Estatus retirado Estado de pérdida Fuente del sistema de clasificación o colocación Estado de daño No para préstamo Biblioteca de origen Biblioteca actual Ubicación en estantería Fecha de adquisición Total de préstamos Signatura topográfica completa Código de barras Visto por última vez Precio de reemplazo Tipo de ítem Koha
    Clasificación decimal universal     Biblioteca del Ateneo de Madrid Biblioteca del Ateneo de Madrid Depósito J 30/05/2022   N-8541 101205647 26/07/2023 26/07/2023 Libro impreso